• 首页
  • 本馆介绍
  • 公告通知
  • 最新文献
  • 馆藏检索
  • 电子资源
  • 读者导购
  • 参考咨询
  • 我的图书馆
  • 登录
  • 详细信息显示
  • 放入我的书架
  • 预约/预借图书
  • 作者相关作品
  • 分类相关作品
  • 丛书相关作品
  • 出版社相关作品

书目信息

  • 表格格式
  • 工作单格式
  • 卡片格式
题名:
圈操
    
 
作者: 马丽婷 著
分册:  
出版信息: 天津   天津人民美术出版社  2016
页数: 144页
开本: 23cm
丛书名: 图说全民健身体育运动丛书
单 册:
中图分类: G834.22-64
科图分类:
主题词: 圈操--quan cao--图解
电子资源:
ISBN: 978-7-5305-7766-0
000 00995nam 2200265 450
001 012001003646
005 20131013174523.0
010    @a978-7-5305-7766-0@dCNY35.80
099    @aCAL 012017180283
100    @a20171219d2016 em y0chiy50 ea
101 0  @achi
102    @aCN@b120000
105    @aa z 000yy
106    @ar
200 1  @a圈操@Aquan cao@f马丽婷著
210    @a天津@c天津人民美术出版社@d2016
215    @a144页@c彩图@d23cm
225 2  @a图说全民健身体育运动丛书@Atu shuo quan min jian shen ti yu yun dong cong shu
330    @a本书遵循体育课程建设的客观规律, 将体育文化、健康理念纳入其中, 深入浅出地为读者介绍圈操的起源与发展、基本技术、运动技巧、比赛规则等, 书中的插图通过服饰、发型和体态变化表现了扇操的动作, 形象、生动、活泼, 图文并茂, 直观性强。
410  0 @12001 @a图说全民健身体育运动丛书
606 0  @a圈操@Aquan cao@j图解
690    @aG834.22-64@v5
701  0 @a马丽婷@Ama li ting@4著
801    @b江苏凤凰@c20191020
905    @b1233517-22@dG834.22-64@e177@f6
    
    圈操/马丽婷著.-天津:天津人民美术出版社,2016
    144页:彩图;23cm.-(图说全民健身体育运动丛书)
    
    
    ISBN 978-7-5305-7766-0:CNY35.80
    本书遵循体育课程建设的客观规律, 将体育文化、健康理念纳入其中, 深入浅出地为读者介绍圈操的起源与发展、基本技术、运动技巧、比赛规则等, 书中的插图通过服饰、发型和体态变化表现了扇操的动作, 形象、生动、活泼, 图文并茂, 直观性强。
●
相关链接 在E读中查询图书 在五车中查询图书 在当当中查询图书 在豆瓣中查询图书


正题名:圈操     索取号:G834.22-64/177         预约/预借

序号 登录号 条形码 馆藏地/架位号 状态 备注
1 1233517   212335178   第一样本阅览室/ [索取号:G834.22-64/177] 在馆    
2 1233518   212335187   第四借阅区/ [索取号:G834.22-64/177] 在馆    
3 1233519   212335196   第四借阅区/ [索取号:G834.22-64/177] 在馆    
4 1233520   212335203   教育系资料室/ [索取号:G834.22-64/177] 在馆    
5 1233521   212335212   教育系资料室/ [索取号:G834.22-64/177] 在馆    
6 1233522   212335221   教育系资料室/ [索取号:G834.22-64/177] 在馆    
唐山师范学院图书馆 欢迎您!
大连网信软件有限公司© 版权所有